00358nam a2200121Ia 4500008004000000020001800040082001800058100002600076245004800102260003300150300000800183650004500191210210b1978 xxu||||| |||| 00| 0 eng d a0 906216 09 5 a510.2433 METM aMETWALLY (Mokhtar M). aMathematical formulation of microeconomics. aLondonbJ K Publishersc1978 a414 aMicroeconomics Mathematical formulation